Γνωριμίες : φιλολογικά πορτραίτα
Saved in:
| Main Author: | |
|---|---|
| Format: | Book |
| Language: | Greek |
| Published: |
Αθήνα :
Χιωτέλλης,
[1976].
|
| Series: | Μορφές και κείμενα της λογοτεχνίας μας (Χιωτέλλης)
; 4 |
| Subjects: | |
| Tags: |
Add Tag
No Tags, Be the first to tag this record!
|
MARC
| LEADER | 00000cam a2200000 i 4500 | ||
|---|---|---|---|
| 001 | 1/47686 | ||
| 008 | 980701s1976 gr | ||| |||| ||gre|| | ||
| 035 | |l 10043129 | ||
| 040 | |a GR-MY-UA |b gre |e aacr | ||
| 041 | 0 | |a gre | |
| 082 | 7 | |a 889.092 |2 (22) | |
| 100 | 1 | |a Περάνθης, Μιχαήλ, |d 1917-1984. | |
| 245 | 1 | 0 | |a Γνωριμίες : |b φιλολογικά πορτραίτα / |c Μιχαήλ Περάνθης. |
| 260 | |a Αθήνα : |b Χιωτέλλης, |c [1976]. | ||
| 300 | |a 250 σ. ; |c 18 εκ. | ||
| 490 | 1 | |a (Μορφές και κείμενα της λογοτεχνίας μας / Χιωτέλλης ; |v 4) | |
| 650 | 0 | 0 | |a Greek literature |x History and criticism. |
| 650 | 0 | 0 | |a Litterateurs |z Greece |x History and criticism. |
| 830 | 0 | |a Μορφές και κείμενα της λογοτεχνίας μας (Χιωτέλλης) |v ; 4 | |
| 852 | |a INST |b SAMOS |e 19980701 |h 889.092 ΠΕΡ |p 005300011023 |q 005300011023 |t BK |y 0 | ||
| 901 | |a BIBL-1998-2 | ||
| 909 | |a Σ |b 051287 | ||
| 922 | |a 3ΕΛΗ |b 199709 |c ΔΩΡ |d ΠΑΡΙΑΝΟΣ | ||
| 970 | |z 01/07/1998 | ||